header

Student companion to Arthur Miller (Record no. 689)

MARC details
000 -LEADER
fixed length control field 01358nam a2200325 a 4500
082 04 - DEWEY DECIMAL CLASSIFICATION NUMBER
Classification number 812/.52
100 1# - MAIN ENTRY--AUTHOR NAME
Personal name Abbotson, Susan C. W.,
245 10 - TITLE STATEMENT
Title Student companion to Arthur Miller
260 ## - PUBLICATION, DISTRIBUTION, ETC. (IMPRINT)
Place of publication Westport, Conn. :
Name of publisher Greenwood Press,
Year of publication 2000.
300 ## - PHYSICAL DESCRIPTION
Number of Pages xii, 169 p.
490 1# - SERIES STATEMENT
Series statement Student companions to classic writers,
856 40 - ELECTRONIC LOCATION AND ACCESS
Uniform Resource Identifier http://site.ebrary.com/lib/rucke/Doc?id=5004002

No items available.

© 2026 Rongo University
Contact us: librarian | system librarian | Rongo university